| 000 | 00599nam a2200241Ia 4500 | ||
|---|---|---|---|
| 008 | 180523s9999 xx 000 0 und d | ||
| 020 | _a0-446-60725-8 | ||
| 050 | _aMAIN BL 310 | ||
| 050 | _b.H36 1942 c.1 | ||
| 100 | _aHamilton, Edith | ||
| 245 | 0 | _aMythology : | |
| 245 | 0 | _btimeless tales of gods and heroes / | |
| 245 | 0 | _cEdith Hamilton | |
| 260 | _aNew York : | ||
| 260 | _bWarner Books, | ||
| 260 | _c1942 | ||
| 300 | _a352 pages : | ||
| 300 | _billustrations ; | ||
| 300 | _c17 cm. | ||
| 500 | _aIncludes index. | ||
| 650 | _aMythology. | ||
| 650 | _xMythology, Classical. | ||
| 999 |
_c356587 _d356587 |
||